| 000 | 00401nam a22001577a 4500 | ||
|---|---|---|---|
| 082 | _aP-369 | ||
| 100 |
_aAbdus Sami _948074 |
||
| 245 |
_aEvaluation of seepage control measures at tarbela dam _cAbdus Sami |
||
| 260 |
_aMCE _c2008 |
||
| 300 | _a115 p. | ||
| 526 |
_a0 _b0 _c0 _dP_369 |
||
| 526 |
_a0 _b0 _c0 _dP_369 |
||
| 650 | _aProject | ||
| 700 |
_aBrig (R) Mohammad Salik _948075 |
||
| 942 |
_2ddc _cBK |
||
| 999 |
_c551109 _d551109 |
||